Relaciones geográficas de Indias (Record no. 156346)
[ view plain ]
| 000 -LEADER | |
|---|---|
| campo de control de longitud fija | 01095nam a22002655i 4500 |
| 001 - NÚMERO DE CONTROL | |
| campo de control | 156346 |
| 003 - IDENTIFICADOR DE NÚMERO DE CONTROL | |
| campo de control | ES-MaACL |
| 005 - FECHA Y HORA DE LA ÚLTIMA TRANSACCIÓN | |
| campo de control | 20250828063258.0 |
| 008 - DATOS DE LONGITUD FIJA--INFORMACIÓN GENERAL | |
| campo de control de longitud fija | 990511m18811897sp a |||| | spa d |
| 040 ## - FUENTE DE CATALOGACIÓN | |
| Centro catalogador/agencia de origen | M-RACM |
| Lengua de catalogación | spa |
| Centro/agencia transcriptor | M-RACM |
| Centro/agencia modificador | CCPB | B |
| 100 1# - ENTRADA PRINCIPAL--NOMBRE DE PERSONA | |
| Nombre de persona | Jiménez de la Espada, Marcos, |
| Fechas asociadas al nombre | 1831-1898 |
| 9 (RLIN) | 222553 |
| 245 10 - MENCIÓN DEL TÍTULO | |
| Título | Relaciones geográficas de Indias |
| Resto del título | : Perú / |
| Mención de responsabilidad, etc. | publícalas el Ministerio de Fomento. |
| 260 ## - PUBLICACIÓN, DISTRIBUCIÓN, ETC. | |
| Lugar de publicación, distribución, etc. | Madrid : |
| Nombre del editor, distribuidor, etc. | [s.n.], |
| Fecha de publicación, distribución, etc. | 1881-1897 ( |
| Fabricante | Tip. de Manuel G. Hernández) |
| 300 ## - DESCRIPCIÓN FÍSICA | |
| Extensión | 4 v. ; |
| Dimensiones | 30 cm. |
| 510 4# - NOTA DE CITAS O REFERENCIAS BIBLIOGRÁFICAS | |
| Nombre de la fuente | Palau, |
| Localización dentro de la fuente | 260324 |
| 593 #1 - | |
| -- | Encabezamiento tomado del Palau. |
| 596 #1 - NOTA AL PIE DE IMPRENTA | |
| NOTA AL PIE DE IMPRENTA | En V. III. y IV. figura como impresor los hijos de M. G. Hernández. |
| 597 #1 - NOTA DE DESCRIPCIÓN FÍSICA | |
| NOTA DE DESCRIPCIÓN FÍSICA | Port. con esc. grab. |
| 597 #1 - NOTA DE DESCRIPCIÓN FÍSICA | |
| NOTA DE DESCRIPCIÓN FÍSICA | V. I. (CLIV, 216, CLIX p.) -- V. II. (XLIX, 242, CLVIII p.) -- V. III. (XL, 276, CLXXV p.) -- V. IV. (VII, 45, CCXLIII p.) |
| 651 #4 - PUNTO DE ACCESO ADICIONAL DE MATERIA--NOMBRE GEOGRÁFICO | |
| Nombre geográfico | Perú- |
| Subdivisión general | Geografía. |
| 9 (RLIN) | 137311 |
| 710 11 - ENTRADA AGREGADA--NOMBRE DE ENTIDAD CORPORATIVA | |
| Nombre de entidad corporativa o nombre de jurisdicción como elemento de entrada | España. |
| Unidad subordinada | Ministerio de Fomento, |
| Término indicativo de función/relación | |
| 9 (RLIN) | 3868 |
| 752 ## - ENTRADA AGREGADA--NOMBRE JERÁRQUICO DEL LUGAR | |
| País o entidad superior | España - |
| Ciudad | Madrid |
| 852 ## - LOCALIZACIÓN | |
| Ubicación | ES-MaACL |
| Número de control de estantería | R-2310-2313 |
| Nota libre | -- Enc. pasta y rúst. |
| Estatus retirado | Estado de pérdida | Estado de daño | No para préstamo | Colección | Biblioteca de origen | Biblioteca actual | Ubicación en estantería | Fecha de adquisición | Fuente de adquisición | Total de préstamos | Signatura topográfica completa | Código de barras | Visto por última vez | Precio de reemplazo | Tipo de ítem Koha |
|---|---|---|---|---|---|---|---|---|---|---|---|---|---|---|---|
| Libros del s. XIX | Biblioteca del Ateneo de Madrid | Biblioteca del Ateneo de Madrid | Depósito | 17/01/2008 | R-2310-2313 | 1163569 | 23/02/2023 | 23/02/2023 | Libro impreso antiguo |
